ბათუმის შოთა რუსთაველის სახელმწიფო უნივერსიტეტის ბიბლიოთეკა

შენობა-ნაგებობათა ტექნოლოგიური გადაწყვეტა : (ბიბ.ჩანაწერი № 43789)

000 -ლიდერი
ფიქსირებული სიგრძის საკონტროლო ველი 01257nam a2200253Ia 4500
001 - საკონტროლო ნომერი
საკონტროლო ველი 10534
003 - საკონტროლო ნომრის იდენტიფიკატორი
საკონტროლო ველი GE_BSU
005 - ბოლო ოპერაციის თარიღი და დრო
საკონტროლო ველი 20221205093534.0
008 - ფიქსირებული სიგრძის მონაცემთა ელემენტები - ზოგადი ინფორმაცია
ფიქსირებული სიგრძის საკონტროლო ველი 181216s2009||||ge |||||||||||||| ||geo||
020 ## - წიგნის საერთაშორისო სტანდარტული ნომერი
International Standard Book Number 9789941147340
040 ## - კატალოგიზაციის წყარო
Transcribing agency GE_BSU
041 ## - ენის კოდი
Language code of text/sound track or separate title geo
080 ## - უნივერსალური ათობითი კლასიფიკაციის ინდექსი
Universal Decimal Classification number 624.01/04(075.8) ბ-32
100 ## - მთავარი ჩანაწერი - პიროვნების სახელი
Personal name ბაქანიძე, შ.
9 (RLIN) 1607
245 ## - ცნობა სათაურის შესახებ
Title შენობა-ნაგებობათა ტექნოლოგიური გადაწყვეტა :
Remainder of title [სახელმძღვ. სამშენებლო ფაკ. მაგისტრანტებისათვის] /
Statement of responsibility, etc შ. ბაქანიძე, რ. მახვილაძე ; [თ. ჟორდანიას რედ.] ; სტუ.
264 ## - წარმოების, გამოცემის, დისტრიბუციის და სხვა ცნობები
გამოცემის, წარმოების, დისტრიბუციის... ადგილი თბილისი :
გამოცემის, წარმოების, დისტრიბუციის... სახელწოდება საქართველოს ტექ. უნ-ტი,
გამოცემის, წარმოების, დისტრიბუციის... თარიღი 2009.
300 ## - ფიზიკური აღწერა
Extent 208გვ.:
Other physical details ნახ; ცხრ;
Dimensions 29 სმ.
504 ## - BIBLIOGRAPHY, ETC. NOTE
Bibliography, etc ბიბლიოგრ.გვ: 202-203
653 ## - INDEX TERM--UNCONTROLLED
Uncontrolled term სამშენებლო კონსტრუქციები.
700 ## - ADDED ENTRY--PERSONAL NAME
Personal name მახვილაძე, რ.
Relator term ავტორი
9 (RLIN) 2517
700 ## - ADDED ENTRY--PERSONAL NAME
Personal name ჟორდანია, თ.
Relator term რედაქტორი
9 (RLIN) 16331
942 ## - ADDED ENTRY ELEMENTS (KOHA)
Koha item type წიგნი
Source of classification or shelving scheme
ეგზემპლარები
ჩამოწერის სტატუსი დაკარგული ეგზემპლარის სტატუსი კლასიფიკაციის წყარო ან თაროზე გაწყობის სქემა დაზიანების სტატუსი არ გაიცემა მუდმივი მდებარეობა (დაცვის ადგილი) ამჟამინდელი ადგილსამყოფელი თაროზე განთავსების ადგილი შეძენის თარიღი ღირებულება, შესყიდვის ნორმალური ფასი სრული შენახვის შიფრი შტრიხკოდი ბოლო ოპერაციის თარიღი ეგზემპლარის მიმდევრობითი ნომერი (კეტერი?) ფასის ძალაში შესვლის თარიღი ეგზემპლარის სახეობა საჯარო შენიშვნა
          ბათუმის შოთა რუსთაველის სახელმწიფო უნივერსიტეტის მთავარი ბიბლიოთეკა ბათუმის შოთა რუსთაველის სახელმწიფო უნივერსიტეტის მთავარი ბიბლიოთეკა წიგნსაცავი 2018-12-17 21.00 624.01/04(075.8) ბ-32 34559 2018-12-17 34559 2018-12-17 წიგნი 21 ლ.
          ტექნოლოგიური ფაკულტეტის ბიბლიოთეკა ტექნოლოგიური ფაკულტეტის ბიბლიოთეკა წიგნსაცავი 2018-12-17 21.00 624.01/04(075.8) ბ-32 34560 2018-12-17 34560 2018-12-17 წიგნი 21 ლ.
          ტექნოლოგიური ფაკულტეტის ბიბლიოთეკა ტექნოლოგიური ფაკულტეტის ბიბლიოთეკა წიგნსაცავი 2018-12-17 21.00 624.01/04(075.8) ბ-32 34561 2018-12-17 34561 2018-12-17 წიგნი 21 ლ.
          ტექნოლოგიური ფაკულტეტის ბიბლიოთეკა ტექნოლოგიური ფაკულტეტის ბიბლიოთეკა წიგნსაცავი 2018-12-17 21.00 624.01/04(075.8) ბ-32 34562 2018-12-17 34562 2018-12-17 წიგნი 21 ლ.
          ტექნოლოგიური ფაკულტეტის ბიბლიოთეკა ტექნოლოგიური ფაკულტეტის ბიბლიოთეკა წიგნსაცავი 2018-12-17 21.00 624.01/04(075.8) ბ-32 34563 2018-12-17 34563 2018-12-17 წიგნი 21 ლ.
          ტექნოლოგიური ფაკულტეტის ბიბლიოთეკა ტექნოლოგიური ფაკულტეტის ბიბლიოთეკა წიგნსაცავი 2018-12-17 21.00 624.01/04(075.8) ბ-32 34564 2018-12-17 34564 2018-12-17 წიგნი 21 ლ.
          ტექნოლოგიური ფაკულტეტის ბიბლიოთეკა ტექნოლოგიური ფაკულტეტის ბიბლიოთეკა წიგნსაცავი 2018-12-17 21.00 624.01/04(075.8) ბ-32 34565 2018-12-17 34565 2018-12-17 წიგნი 21 ლ.
          ტექნოლოგიური ფაკულტეტის ბიბლიოთეკა ტექნოლოგიური ფაკულტეტის ბიბლიოთეკა წიგნსაცავი 2018-12-17 21.00 624.01/04(075.8) ბ-32 34566 2018-12-17 34566 2018-12-17 წიგნი 21 ლ.
          ტექნოლოგიური ფაკულტეტის ბიბლიოთეკა ტექნოლოგიური ფაკულტეტის ბიბლიოთეკა წიგნსაცავი 2018-12-17 21.00 624.01/04(075.8) ბ-32 34567 2018-12-17 34567 2018-12-17 წიგნი 21 ლ.